| 000 -LEADER |
| fixed length control field |
00751cam a2200229 a 4500 |
| 001 - CONTROL NUMBER |
| control field |
16503429 |
| 005 - DATE AND TIME OF LATEST TRANSACTION |
| control field |
20221114151511.0 |
| 008 - FIXED-LENGTH DATA ELEMENTS--GENERAL INFORMATION |
| fixed length control field |
101015s2011 nyua b 001 0 eng |
| 020 ## - INTERNATIONAL STANDARD BOOK NUMBER |
| International Standard Book Number |
9780393707007x |
| 041 ## - LANGUAGE CODE |
| Language code of text/sound track or separate title |
eng |
| 060 10 - NATIONAL LIBRARY OF MEDICINE CALL NUMBER |
| Classification number |
WL 330 |
| 080 ## - UNIVERSAL DECIMAL CLASSIFICATION NUMBER |
| Universal Decimal Classification number |
159.91+612.821 P-85 |
| 100 1# - MAIN ENTRY--PERSONAL NAME |
| Personal name |
Porges, Stephen W. |
| 9 (RLIN) |
6573 |
| 245 14 - TITLE STATEMENT |
| Title |
The polyvagal theory : |
| Remainder of title |
neurophysiological foundations of emotions, attachment, communication, and self-regulation / |
| Statement of responsibility, etc. |
Stephen W. Porges. |
| 250 ## - EDITION STATEMENT |
| Edition statement |
1st ed. |
| 264 ## - PRODUCTION, PUBLICATION, DISTRIBUTION, MANUFACTURE, AND COPYRIGHT NOTICE |
| Place of production, publication, distribution, manufacture |
New York : |
| Name of producer, publisher, distributor, manufacturer |
W. W. Norton, |
| Date of production, publication, distribution, manufacture, or copyright notice |
2011. |
| 300 ## - PHYSICAL DESCRIPTION |
| Extent |
347 p. : |
| Other physical details |
ill. ; |
| Dimensions |
25 cm. |
| 653 ## - INDEX TERM--UNCONTROLLED |
| keyword |
ფსიქოფიზიოლოგია |
| 653 ## - INDEX TERM--UNCONTROLLED |
| keyword |
ფსიქოლოგია |
| 653 ## - INDEX TERM--UNCONTROLLED |
| keyword |
მედიცინა |
| 942 ## - ADDED ENTRY ELEMENTS (KOHA) |
| Source of classification or shelving scheme |
|
| Koha item type |
წიგნი |